00302 a2200121 4500001000700000020001800007040003500025100002100060240004200081245003700123300001100160362000900171156351 a9788562480706 cEscola São Tomás de Aquino aMALHEIRO, João10aA alma da escola do século XXIlpor10aA alma da escola do século XXI a162 p.0 a2010